000 00746nam a22002297a 4500
003 DO-SdBNP
005 20240321112818.0
007 ta
008 221102b2015 dr a|||| |||| 00| 0 spa d
020 _a9789945465815
040 _aDO-SdBNP
_bspa
_cBNPHU
082 4 _222
100 1 _aLuciano López, Margarita,
_d1950-
_984993
245 1 0 _aCorazón de mermelada /
_cMargarita Luciano López ; edición Daniel Torres Mata ; corrección Arsenio Hernández Fortuna
260 _aSanto Domingo :
_bEdiciones CP,
_c2015.
300 _a79 p. :
_bil. ;
_c22 cm.
590 _aInventariado, 2022/BT
700 1 _aTorres Mata, Daniel,
_eed.
_982495
700 1 _aHernández Fortuna, Arsenio,
_ecorrec.
_937797
910 _aBtavárez
942 _2ddc
_cLBS1
999 _c52726
_d52726